Volyň tam v dáli

Titel: Volyň tam v dáli : rozhovory a příběhy / Josef Mlejnek
Verfasser:
Ausgabe: 1. vydání
Veröffentlicht: Brno : Centrum pro studium demokracie a kultury, 2015
Umfang: 167 Seiten, VIII Seiten Bildtafeln : Illustrationen, Porträts
Format: Buch
Sprache: Tschechisch
Schlagworte:
ISBN: 8073253844 ; 9788073253844
Buchumschlag
X
Lokale Klassifikation: 38 8 W 91 ; 38 3 C ; 23 3 D ; 42 3 C
alg: 39611772
001A    $03004:25-11-16 
001B    $01999:09-06-23 $t23:17:00.000 
001D    $03004:25-11-16 
001U    $0utf8 
001X    $00 
002@    $0Aau 
002C    $aText $btxt $2rdacontent 
002D    $aohne Hilfsmittel zu benutzen $bn $2rdamedia 
002E    $aBand $bnc $2rdacarrier 
003@    $0396117724 
004A    $080-7325-384-4 
004A    $A978-80-7325-384-4 
006L    $0BV043245105 $2BVB 
007A    $0BV043245105 $aBVB 
007G    $0DE020AFDE7723E67D9F98C125807B004AAD76 
009P    $A2 $3Inhaltsverzeichnis $uhttp://bvbr.bib-bvb.de:8991/F?func=service&doc_library=BVB01&local_base=BVB01&doc_number=028667391&line_number=0001&func_code=DB_RECORDS&service_type=MEDIA 
009P    $qapplication/pdf $A2 $3Inhaltsverzeichnis $uhttp://scans.hebis.de/HEBCGI/show.pl?39611772_toc.pdf $mV:DE-603;B:DE-Mb50 
010@    $acze 
010E    $erda 
011@    $a2015 $n2015 
021A    $aVolyň tam v dáli $drozhovory a příběhy $hJosef Mlejnek 
028A    $7143287303 $8Mlejnek, Josef$Z1946- [Tp3] $9230350038 
032@    $a1. vydání 
033A    $pBrno $nCentrum pro studium demokracie a kultury 
034D    $a167 Seiten, VIII Seiten Bildtafeln 
034M    $aIllustrationen, Porträts 
041A    $#Wolhynien $#Volynʹ $#Wołyń $74079380-1 $8Wolynien [Tg1] $9085225665 
041A/01 $RTschechin $#Czechs $#Tchèques $#Tschechen $#Tscheche $#Czechs $74061083-4 $8Tschechen [Ts1] $9085169609 
045F    $eDDC22ger 
045F/01 $a900 
045F/03 $f0904 
045F/03 $g4371 
045G    $eDDC22ger 
045G/01 $a900 
045G/03 $f0904 
045G/03 $g477 
045H    $a305.8009438 $eDDC23BSB 
045H/01 $a305.8009 
045H/03 $g438 
045H/03 $g4371 
045H/03 $g477 
045R    $aGeschichte 

lok: 39611772 24
101B    $025-11-16 $t11:48:44.000 
101C    $025-11-16 
101U    $0utf8 
145Z/01 $a38 8 W 91 
145Z/02 $a38 3 C 
145Z/03 $a23 3 D 
145Z/04 $a42 3 C 

exp: 39611772 24 1 #EPN
201B/01 $025-11-16 $t11:48:44.000 
201C/01 $026-02-16 
201U/01 $0utf8 
203@/01 $0768881617 
208@/01 $a25-11-16 $bz 
209A/01 $a16.03240 $du $f050 $h16 03240 $x00 
209C/01 $a16.03240 K $h16 03240 K 
209G/01 $a73606560 $x00 
220C/01 $akon 
247C/01 $8358050-7 Marburg, Bibliothek des Herder-Instituts Marburg $9102600961
LEADER 00000cam a2200000 c 4500
001 396117724
003 DE-603
005 20230609231700.0
007 tu
008 161125s2015 xx |||| | u00||u|cze c
020 |a 8073253844 
020 |a 9788073253844 
035 |a (DE-599)BVBBV043245105 
035 |a (DE-604)BV043245105 
040 |a DE-603  |b ger  |c DE-603  |d DE-603  |e rda 
041 |a cze 
083 0 |8 3\u  |a 305.8009438  |q DE-101  |2 23/BSB 
085 |8 1\u  |b 900 
085 |8 1\u  |z 1  |s 0904 
085 |8 1\u  |z 2  |s 4371 
085 |8 2\u  |b 900 
085 |8 2\u  |z 1  |s 0904 
085 |8 2\u  |z 2  |s 477 
085 |8 3\u  |b 305.8009 
085 |8 3\u  |z 2  |s 438 
085 |8 3\u  |z 2  |s 4371 
085 |8 3\u  |z 2  |s 477 
100 1 |a Mlejnek, Josef  |d 1946-  |0 (DE-603)230350038  |0 (DE-588)143287303  |2 gnd 
245 0 0 |a Volyň tam v dáli  |b rozhovory a příběhy  |c Josef Mlejnek 
250 |a 1. vydání 
264 1 |a Brno  |b Centrum pro studium demokracie a kultury  |c 2015 
300 |a 167 Seiten, VIII Seiten Bildtafeln  |b Illustrationen, Porträts 
336 |a Text  |b txt  |2 rdacontent 
337 |a ohne Hilfsmittel zu benutzen  |b n  |2 rdamedia 
338 |a Band  |b nc  |2 rdacarrier 
648 7 |a Geschichte  |2 gnd 
650 7 |a Tschechen  |0 (DE-588)4061083-4  |0 (DE-603)085169609  |2 gnd 
651 7 |a Wolynien  |0 (DE-588)4079380-1  |0 (DE-603)085225665  |2 gnd 
856 4 2 |u http://bvbr.bib-bvb.de:8991/F?func=service&doc_library=BVB01&local_base=BVB01&doc_number=028667391&line_number=0001&func_code=DB_RECORDS&service_type=MEDIA  |3 Inhaltsverzeichnis 
856 4 2 |m V:DE-603;B:DE-Mb50  |q application/pdf  |u http://scans.hebis.de/HEBCGI/show.pl?39611772_toc.pdf  |3 Inhaltsverzeichnis 
924 0 |9 Mb 50  |a (DE-603)768881617  |b DE-Mb50  |c HES  |d c  |g 16.03240